| 000 | 01343cam a2200337 i 4500 | ||
|---|---|---|---|
| 001 | 9215 | ||
| 003 | Mx-PuUPA | ||
| 005 | 20260429145924.0 | ||
| 008 | 140415s1988 mx r 000 0 spa d | ||
| 020 |
_a9686164057 _qColección conmemorativa |
||
| 040 |
_erda _aMx-PuUPA _bspa _cMx-PuUPA _dMx-PuUPA |
||
| 041 | 0 | _aspa | |
| 240 | 1 | 0 |
_aObras. _kLeyes y legislación _lEspañol |
| 245 | 1 | 0 |
_aCódigo petrolero / _cHoracio Labastida, coordinador. |
| 250 | _aPrimera edición | ||
| 264 | 1 |
_aMéxico, D.F : _bPetróleos mexicanos, _c1988 |
|
| 300 |
_a8 volúmenes (paginación varía) ; _c28 cm. |
||
| 336 |
_atexto _2rdacontent _btxt |
||
| 337 |
_asin medio _2rdamedia _bn |
||
| 338 |
_avolumen _2rdacarrier _bnc |
||
| 500 | _aEl registro contiene la versión de lujo y rústica de la edición conmemorativa. | ||
| 505 | 8 |
_gt.1. _t1493-1916 -- _gt.2. _t1917-1918 -- _gt.3. _t1919-1922 -- _gt.4. _t1923-1925 -- _gt.5. _t1926-1928 -- _gt.6. _t1929-1936 -- _gt.7. _t1937-1938 -- _gt.8. _t1939-1943. |
|
| 610 | 2 | 0 |
_aPetróleos Mexicanos, _95168 |
| 650 | 7 |
_aPetróleo _xLegislación _zMéxico _2armac |
|
| 650 | 7 |
_aPetróleos mexicanos _2armac |
|
| 650 | 7 |
_aDerecho minero _zMéxico _xHistoria |
|
| 700 | 1 |
_aLabastida, Horacio, _ecoordinador _94818 |
|
| 942 |
_2ddc _cLI _h343.07720972 _iC66 |
||
| 999 |
_c9215 _d9215 |
||